000 00282nam a22001337a 4500
008 181107b xxu||||| |||| 00| 0 eng d
020 _a002-3018160
041 _aeng
080 _a316
100 _a50
101 _aSOC
245 _aWestern Society
_cHill.R.H
942 _2udc
_cBK
999 _c52112
_d52112